Estadísticas para Países con más de 4 vocales en su nombre

Haz click aquí para intentar la prueba.

Estadísticas generales

  • Esta prueba ha sido intentada 222 veces
  • La puntuación promedio es 15 de 41

Estadísticas de respuestas

HintRespuesta% Correcto
a - e - i - o - uEstados Unidos
84%
a - e - i - o - uRepublica del Congo
62%
a - e - i - o - uRepublica Democratica del Congo
62%
e - i - o - uReino Unido
55%
a - e - i - o - uRepublica Dominicana
53%
a - e - i - o - uEmiratos Arabes Unidos
52%
a - e - i - uUzbekistan
50%
a - e - i - oIndonesia
47%
a - e - o - uCorea del Sur
46%
a - e - i - uTurkmenistan
43%
a - e - i - oMicronesia
42%
a - e - o - uNoruega
41%
a - e - i - o - uRepublica Centroafricana
41%
a - e - i - oSan Cristobal y Nieves
41%
a - e - i - o - uMozambique
39%
a - e - i - uRepublica Checa
39%
a - e - i - o - uBielorrusia
38%
a - e - i - oMacedonia del Norte
38%
a - e - i - uPapua Nueva Guinea
38%
a - e - i - uGuinea
37%
a - e - i - o - uEslovaquia
34%
a - e - i - oEslovenia
32%
a - e - i - uSuecia
32%
a - e - i - o - uGuinea Ecuatorial
31%
a - e - i - uGuinea-Bissáu
29%
a - e - i - oPaises Bajos
29%
a - e - i - oEtiopia
28%
a - e - i - oSanto Tome y Principe
28%
a - e - o - uMarruecos
27%
a - e - i - oBosnia y Herzegovina
26%
a - e - i - oCosta de Marfil
26%
a - i - o - uBurkina Faso
25%
a - e - i - oLetonia
25%
a - i - o - uMauricio
25%
a - e - i - oTimor Oriental
25%
a - e - i - uZimbabue
25%
a - e - i - oEstonia
24%
a - e - o - uEcuador
22%
a - e - i - oSierra Leona
16%
a - e - i - o - uCiudad del Vaticano
15%
a - e - i - oGeorgia
12%

Distribución de puntuación

Porcentaje por número respondido

Porcentaje de gente con cada puntuación

Historial de tus puntuaciones

No has intentado esta prueba.